[Event "XVII Festival A"]
[Site "Campobasso ITA"]
[Date "2010.07.23"]
[Round "1"]
[White "Parrini, Daniele"]
[Black "Crafa, Carmine"]
[Result "1-0"]
[WhiteElo "2109"]
[BlackElo "1856"]
[PlyCount "111"]
[EventDate "2010.07.23"]

1. e4 e5 2. Nf3 Nc6 3. Bb5 a6 4. Ba4 Nf6 5. O-O Nxe4 6. d4 b5 7. Bb3 d5 8. dxe5
Be6 9. Nbd2 Bc5 10. Nxe4 dxe4 11. Bxe6 Qxd1 12. Rxd1 fxe6 13. Ng5 O-O 14. Nxe4
Bb6 15. Kf1 Nxe5 16. Ke2 Ng4 17. f3 Nf6 18. Ng5 h6 19. Nh3 Nd5 20. g3 Rf5 21.
Nf2 Raf8 22. Rd3 Nb4 23. Rc3 Nd5 24. Rd3 Nb4 25. Rc3 Nd5 26. Rb3 c5 27. c4 bxc4
28. Ra3 a5 29. Ne4 c3 30. Nxc3 Rxf3 31. Bf4 Nxc3+ 32. bxc3 R3xf4 33. gxf4 Rxf4
34. Rb1 Bc7 35. Rb7 Be5 36. Rxa5 Rc4 37. Rb3 Bxh2 38. Kd3 Rg4 39. Rxc5 e5 40.
Rb2 e4+ 41. Kc4 e3+ 42. Kd3 Bg1 43. Rf5 Kh7 44. c4 Kg6 45. Rf3 h5 46. Re2 h4
47. c5 Rg5 48. c6 Rc5 49. Rg2+ Rg5 50. Rxg5+ Kxg5 51. c7 Kg4 52. Rxe3 Bxe3 53.
Kxe3 Kg3 54. c8=Q g5 55. Qf8 g4 56. a4 1-0

[Event "XVII Festival A"]
[Site "Campobasso ITA"]
[Date "2010.07.23"]
[Round "1"]
[White "Pastore, Giuseppe"]
[Black "Galasso, Luigi"]
[Result "0-1"]
[WhiteElo "1671"]
[BlackElo "2024"]
[PlyCount "92"]
[EventDate "2010.07.23"]

1. d4 Nf6 2. Nf3 g6 3. e3 Bg7 4. Bd3 d6 5. e4 O-O 6. O-O Nbd7 7. c3 e5 8. d5 c6
9. c4 cxd5 10. cxd5 Nc5 11. Nc3 h6 12. h3 Nh5 13. g4 Nxd3 14. Qxd3 Nf4 15. Bxf4
exf4 16. Kh2 Bd7 17. Rg1 Qb6 18. Qd2 Rac8 19. Rab1 Rc4 20. Kg2 g5 21. Qe2 Qc7
22. Nd2 Rb4 23. Rgc1 Qd8 24. f3 Bxc3 25. Rxc3 Bb5 26. Qf2 Qf6 27. Nb3 Ba4 28.
Qxa7 Bxb3 29. axb3 Rd4 30. Rf1 Rd2+ 31. Rf2 Rxb2 32. Rxb2 Qxc3 33. Qf2 Rc8 34.
Qd2 Kg7 35. Kf2 Qxd2+ 36. Rxd2 Rc3 37. Kg2 Kf6 38. Rb2 Ke5 39. b4 b5 40. Kf2 f6
41. Kg2 Kd4 42. Kf2 Kd3 43. Ke1 Rc1+ 44. Kf2 Rc2+ 45. Rxc2 Kxc2 46. Ke2 Kc3 0-1

[Event "XVII Festival A"]
[Site "Campobasso ITA"]
[Date "2010.07.23"]
[Round "1"]
[White "Procacci, Sergio"]
[Black "Gatti, Francesco"]
[Result "1-0"]
[WhiteElo "2043"]
[BlackElo "1823"]
[PlyCount "49"]
[EventDate "2010.07.23"]

1. e4 c5 2. Nc3 Nc6 3. g3 Nf6 4. Bg2 g6 5. f4 d6 6. Nf3 Bg7 7. O-O O-O 8. d3 a6
9. h3 Rb8 10. g4 e6 11. Ne2 Bd7 12. Ng3 Ne7 13. Nh2 Qc7 14. h4 b5 15. h5 a5 16.
h6 Bh8 17. Qf3 b4 18. f5 Nc6 19. g5 Nd4 20. Qf2 Ne8 21. f6 a4 22. Be3 e5 23.
Nf3 Qa5 24. Rfc1 b3 25. axb3 1-0

[Event "XVII Festival A"]
[Site "Campobasso ITA"]
[Date "2010.07.23"]
[Round "1"]
[White "Scagliarini, Bruno"]
[Black "Adriani, Vieri"]
[Result "0-1"]
[WhiteElo "1904"]
[BlackElo "2173"]
[PlyCount "82"]
[EventDate "2010.07.23"]

1. c4 c5 2. Nc3 Nc6 3. g3 d6 4. Bg2 Nf6 5. e3 Bf5 6. d3 e6 7. Nge2 Be7 8. a3
O-O 9. O-O d5 10. cxd5 exd5 11. Nxd5 Nxd5 12. e4 Be6 13. exd5 Bxd5 14. Nf4 Bxg2
15. Kxg2 Nd4 16. Be3 b6 17. Rc1 g5 18. Bxd4 Qxd4 19. Rc4 Qd7 20. Ne2 f5 21. Nc1
Bf6 22. b3 Qd5+ 23. Kg1 b5 24. Rc2 f4 25. Qg4 Rae8 26. b4 cxb4 27. axb4 Qd4 28.
Ne2 Qxd3 29. Ra2 f3 30. Nf4 Qd4 31. Qxf3 gxf4 32. Rd1 Qxb4 33. Rxa7 Re1+ 34.
Rxe1 Qxe1+ 35. Kg2 fxg3 36. Qg4+ Kh8 37. hxg3 Be5 38. Rxh7+ Kxh7 39. Qh5+ Kg7
40. Qg5+ Kf7 41. Qf5+ Ke7 0-1

[Event "XVII Festival A"]
[Site "Campobasso ITA"]
[Date "2010.07.23"]
[Round "1"]
[White "Sellitti, Federico"]
[Black "Cocchia, Umberto"]
[Result "1-0"]
[WhiteElo "2141"]
[BlackElo "1903"]
[PlyCount "31"]
[EventDate "2010.07.23"]

1. e4 d5 2. exd5 Nf6 3. d4 Nxd5 4. c4 Nb6 5. h3 g6 6. Nf3 Bg7 7. Be2 O-O 8. Nc3
Nc6 9. Be3 e5 10. d5 Na5 11. Nd2 c6 12. b4 Nxd5 13. cxd5 cxd5 14. Bc5 Re8 15.
bxa5 Qxa5 16. Qa4 1-0

[Event "XVII Festival A"]
[Site "Campobasso ITA"]
[Date "2010.07.23"]
[Round "1"]
[White "Sengupta, Deep"]
[Black "Bocci, Alessandro"]
[Result "1-0"]
[WhiteElo "2527"]
[BlackElo "1961"]
[PlyCount "77"]
[EventDate "2010.07.23"]

1. e4 c5 2. Nf3 Nc6 3. d4 cxd4 4. Nxd4 Qc7 5. Nc3 e6 6. Be3 a6 7. Qd2 Nf6 8.
O-O-O Bb4 9. f3 O-O 10. Nb3 b5 11. Bf4 Bxc3 12. bxc3 Qb6 13. Be3 Qc7 14. Bc5
Rd8 15. Qe3 Re8 16. Bd6 Qa7 17. Qg5 h6 18. Qd2 e5 19. g3 b4 20. cxb4 a5 21.
bxa5 Nxa5 22. Nxa5 Qxa5 23. Qxa5 Rxa5 24. a3 Bb7 25. Bc4 Rc8 26. Bb3 g5 27. g4
Kg7 28. h4 Ba6 29. hxg5 hxg5 30. Be7 Bc4 31. Kb2 Rb5 32. a4 Rb7 33. Bd6 Ra8 34.
Ka3 Be2 35. Rde1 Bxf3 36. Rhf1 Bxg4 37. Bxe5 Rb6 38. Rxf6 Rxf6 39. Rf1 1-0

[Event "XVII Festival A"]
[Site "Campobasso ITA"]
[Date "2010.07.23"]
[Round "1"]
[White "Stromboli, Carlo"]
[Black "Radice, Mario"]
[Result "1-0"]
[WhiteElo "2285"]
[BlackElo "1917"]
[PlyCount "47"]
[EventDate "2010.07.23"]

1. e4 e6 2. d4 d5 3. Nc3 dxe4 4. Nxe4 Bd7 5. Bd3 Bc6 6. Nf3 Nd7 7. O-O Ngf6 8.
Ned2 Be7 9. Re1 O-O 10. Qe2 Re8 11. c4 Bxf3 12. Nxf3 c5 13. Be3 cxd4 14. Bxd4
Bc5 15. Bc3 Qb6 16. a3 a5 17. Qc2 a4 18. Rad1 h6 19. Re2 Rad8 20. Qxa4 Ng4 21.
Be1 Nxf2 22. Bxf2 Bxf2+ 23. Rxf2 Qe3 24. Qb3 1-0

[Event "XVII Festival A"]
[Site "Campobasso ITA"]
[Date "2010.07.23"]
[Round "1"]
[White "Stromboli, Ettore"]
[Black "Di Lascio, Savino"]
[Result "1-0"]
[WhiteElo "2259"]
[BlackElo "1910"]
[PlyCount "47"]
[EventDate "2010.07.23"]

1. e4 c6 2. b3 d5 3. Bb2 dxe4 4. Nc3 Bf5 5. g4 Bg6 6. Bg2 e3 7. fxe3 Nf6 8. g5
Nd5 9. Nxd5 cxd5 10. Qe2 e6 11. Nf3 Nc6 12. O-O h6 13. Ne5 Nxe5 14. Bxe5 hxg5
15. c4 f6 16. cxd5 exd5 17. Bg3 Be4 18. Bxe4 dxe4 19. Qc4 Qe7 20. Rf5 Rd8 21.
Rd5 g6 22. Rc1 Bg7 23. Rxd8+ Qxd8 24. Qe6+ 1-0

[Event "XVII Festival A"]
[Site "Campobasso ITA"]
[Date "2010.07.23"]
[Round "1"]
[White "Vena, Alessio"]
[Black "Ficco, Corrado"]
[Result "1/2-1/2"]
[WhiteElo "1900"]
[BlackElo "2136"]
[PlyCount "79"]
[EventDate "2010.07.23"]

1. e4 c5 2. c3 e6 3. d4 d5 4. e5 Nc6 5. Nf3 Qb6 6. Bd3 cxd4 7. cxd4 Bd7 8. O-O
Nxd4 9. Nbd2 Ne7 10. Nxd4 Qxd4 11. Nf3 Qb6 12. Be3 Qc7 13. Rc1 Nc6 14. b4 Bxb4
15. Qb3 Be7 16. Qb1 h6 17. Rc3 f5 18. Rfc1 O-O 19. Nd4 Qb8 20. Bb5 Qxe5 21.
Nxc6 bxc6 22. Bxc6 Bxc6 23. Rxc6 Rfb8 24. Qd3 Rb7 25. Qa6 Qb2 26. Rc8+ Rxc8 27.
Qxe6+ Kh7 28. Qxf5+ g6 29. Qxc8 Bf6 30. Qh3 Bg7 31. g4 d4 32. Bf4 Rf7 33. Qg3
g5 34. Qd3+ Kg8 35. Rc8+ Rf8 36. Qc4+ Kh7 37. Qd3+ Kg8 38. Rxf8+ Bxf8 39. Qg6+
Bg7 40. Qe8+ 1/2-1/2

[Event "XVII Festival A"]
[Site "Campobasso ITA"]
[Date "2010.07.23"]
[Round "1"]
[White "Zherebukh, Yaroslav"]
[Black "Colucci, Stefano"]
[Result "1-0"]
[WhiteElo "2572"]
[BlackElo "1968"]
[PlyCount "77"]
[EventDate "2010.07.23"]

1. e4 c5 2. Nf3 d6 3. d4 cxd4 4. Nxd4 Nf6 5. Nc3 a6 6. h3 e5 7. Nde2 Be6 8. g4
d5 9. exd5 Nxd5 10. Bg2 Bb4 11. O-O Nxc3 12. bxc3 Bd6 13. Rb1 Nc6 14. Rxb7 Rc8
15. Bg5 Ne7 16. Ng3 f6 17. Ne4 Nd5 18. Nxd6+ Qxd6 19. Be3 O-O 20. Rb6 Rc6 21.
c4 Nxb6 22. Qxd6 Rxd6 23. c5 Nc4 24. cxd6 Nxd6 25. Bc5 Rd8 26. Rd1 Nf7 27.
Rxd8+ Nxd8 28. Be7 Nf7 29. a4 Bc4 30. h4 Be2 31. Bd5 Bxg4 32. c4 g5 33. Bxf6
Kf8 34. hxg5 Bd7 35. a5 Bc8 36. c5 Ke8 37. c6 Kf8 38. c7 Kg8 39. Bxe5 1-0

[Event "XVII Festival A"]
[Site "Campobasso ITA"]
[Date "2010.07.23"]
[Round "2"]
[White "Adriani, Vieri"]
[Black "Zherebukh, Yaroslav"]
[Result "0-1"]
[WhiteElo "2173"]
[BlackElo "2572"]
[PlyCount "104"]
[EventDate "2010.07.23"]

1. a3 d5 2. Nf3 Nf6 3. d4 c6 4. Bf4 Bg4 5. e3 Qb6 6. b3 Bxf3 7. Qxf3 Nbd7 8.
Nd2 e6 9. c3 c5 10. Be2 Qa5 11. Rc1 Qxa3 12. O-O Be7 13. Ra1 Qb2 14. c4 cxd4
15. exd4 Qxd4 16. Be3 Qe5 17. cxd5 Qxd5 18. Qg3 O-O 19. Bf3 Qb5 20. Bxa7 Ne5
21. Nc4 Nxf3+ 22. Qxf3 Nd5 23. Bd4 Qb4 24. Rad1 Bf6 25. Bxf6 Nxf6 26. Rfe1 Nd5
27. h3 b5 28. Ne3 Nc3 29. Rd3 Rac8 30. Ng4 f5 31. Ne5 Nd5 32. Ra1 Qd6 33. Qe2
Rc5 34. Re1 Rfc8 35. Rd4 Rc1 36. Rdd1 Nc3 37. Rxd6 Nxe2+ 38. Kf1 Rxe1+ 39. Kxe1
Nf4 40. g3 Nxh3 41. b4 Ng5 42. f4 Ne4 43. Rxe6 Nxg3 44. Rb6 Nh5 45. Nd3 Rd8 46.
Ke2 Rd5 47. Ke3 Nf6 48. Rb8+ Kf7 49. Ne5+ Ke6 50. Rb7 g5 51. Rb6+ Rd6 52. Rxd6+
Kxd6 0-1

[Event "XVII Festival A"]
[Site "Campobasso ITA"]
[Date "2010.07.23"]
[Round "2"]
[White "Bocci, Alessandro"]
[Black "Aliberti, Emilio"]
[Result "1/2-1/2"]
[WhiteElo "1961"]
[BlackElo "1847"]
[PlyCount "106"]
[EventDate "2010.07.23"]

1. d4 d5 2. c4 c6 3. Nf3 Nf6 4. e3 a6 5. Nbd2 e6 6. Bd3 Bd6 7. O-O O-O 8. e4
dxe4 9. Nxe4 Nxe4 10. Bxe4 f5 11. Bc2 Nd7 12. Re1 Nf6 13. b3 c5 14. Bb2 Qc7 15.
h3 Bd7 16. Qd2 Rad8 17. Rad1 Rfe8 18. Qg5 Bf4 19. Qh4 Bc6 20. Ng5 Bxg5 21. Qxg5
Be4 22. Bxe4 Nxe4 23. Qe3 Kf7 24. f3 Nf6 25. dxc5 Rxd1 26. Rxd1 Rd8 27. Rxd8
Qxd8 28. Qd4 Qa5 29. a3 Qe1+ 30. Kh2 Nh5 31. Qe5 Qd2 32. b4 g5 33. b5 h6 34. c6
Nf4 35. Qg7+ Ke8 36. Qd7+ Qxd7 37. cxd7+ Kxd7 38. Bg7 axb5 39. cxb5 h5 40. Bh6
Nd5 41. Bxg5 Nc3 42. b6 Nd5 43. g4 hxg4 44. fxg4 fxg4 45. h4 Nxb6 46. Kg3 Ke8
47. Kxg4 Nc4 48. Bc1 Kf7 49. Kg5 Kg7 50. h5 b5 51. h6+ Kh7 52. Kf6 e5 53. Kf5
Nxa3 1/2-1/2

[Event "XVII Festival A"]
[Site "Campobasso ITA"]
[Date "2010.07.23"]
[Round "2"]
[White "Cardone, Andrea"]
[Black "Bottega, Antonio"]
[Result "0-1"]
[WhiteElo "1890"]
[BlackElo "1963"]
[PlyCount "100"]
[EventDate "2010.07.23"]

1. d4 Nf6 2. c4 e6 3. Nc3 d5 4. Nf3 Nbd7 5. Bg5 c6 6. e4 dxe4 7. Nxe4 Qa5+ 8.
Bd2 Qb6 9. Nxf6+ Nxf6 10. Qc2 Be7 11. Bd3 O-O 12. O-O Rd8 13. c5 Qc7 14. Be3 b6
15. b4 Bb7 16. Ne5 bxc5 17. bxc5 Rd5 18. Bc4 Rdd8 19. Rad1 Nd5 20. Bxd5 Rxd5
21. Bf4 Qd8 22. Qc3 f6 23. Nd3 Rxd4 24. Nb2 Rd5 25. Be3 Ba6 26. Rxd5 cxd5 27.
Rd1 Rc8 28. Qa3 Rc6 29. Na4 Qc8 30. Rc1 Bc4 31. Qb2 Ra6 32. Rxc4 dxc4 33. Qb5
Qc6 34. Qxc6 Rxc6 35. Kf1 Ra6 36. Nc3 Kf7 37. Ke2 Ke8 38. c6 Rxc6 39. Nb5 a6
40. Nd4 Rb6 41. Bc1 Bc5 42. Nc2 Kd7 43. f3 Kd6 44. Kd2 Kd5 45. Kc3 e5 46. Be3
a5 47. Bxc5 Kxc5 48. Ne3 Rb1 49. Kc2 Ra1 50. Kb2 Re1 0-1

[Event "XVII Festival A"]
[Site "Campobasso ITA"]
[Date "2010.07.23"]
[Round "2"]
[White "Cetera, Nicola"]
[Black "Stromboli, Ettore"]
[Result "0-1"]
[WhiteElo "1889"]
[BlackElo "2259"]
[PlyCount "46"]
[EventDate "2010.07.23"]

1. d4 Nf6 2. Bf4 c5 3. c3 b6 4. e3 Bb7 5. Nf3 e6 6. Nbd2 Be7 7. g4 h5 8. g5 Nd5
9. g6 Nxf4 10. gxf7+ Kf8 11. exf4 cxd4 12. Rg1 dxc3 13. bxc3 Bf6 14. Ne5 Bxe5
15. fxe5 Qc7 16. Nc4 Bd5 17. Qd3 Bxc4 18. Qg3 Rh7 19. f4 Bxf1 20. O-O-O Be2 21.
Qg6 Qxc3+ 22. Kb1 Bxd1 23. Qxh7 Qc2+ 0-1

[Event "XVII Festival A"]
[Site "Campobasso ITA"]
[Date "2010.07.23"]
[Round "2"]
[White "Cocchia, Umberto"]
[Black "Distaso, Antonio"]
[Result "1/2-1/2"]
[WhiteElo "1903"]
[BlackElo "1974"]
[PlyCount "57"]
[EventDate "2010.07.23"]

1. e4 c5 2. Nf3 Nc6 3. d4 cxd4 4. Nxd4 g6 5. Nc3 Bg7 6. Be3 Nf6 7. Nxc6 bxc6 8.
e5 Nd5 9. Nxd5 cxd5 10. Qxd5 Rb8 11. Bc4 O-O 12. O-O Bb7 13. Qd3 Bxe5 14. Bxa7
Rc8 15. Bd4 Bxh2+ 16. Kxh2 Qc7+ 17. Kg1 Qxc4 18. Qxc4 Rxc4 19. c3 f6 20. a4 e5
21. Be3 d5 22. a5 d4 23. cxd4 exd4 24. Bh6 Re8 25. Rfc1 Rec8 26. Rxc4 Rxc4 27.
Rc1 Ba6 28. Rxc4 Bxc4 29. Bd2 1/2-1/2

[Event "XVII Festival A"]
[Site "Campobasso ITA"]
[Date "2010.07.23"]
[Round "2"]
[White "Collutiis, Duilio"]
[Black "Parrini, Daniele"]
[Result "1-0"]
[WhiteElo "2438"]
[BlackElo "2109"]
[PlyCount "85"]
[EventDate "2010.07.23"]

1. e4 c5 2. Nf3 e6 3. d3 Nc6 4. g3 g6 5. Bg2 Bg7 6. O-O Nge7 7. Re1 d6 8. c3
O-O 9. Na3 Rb8 10. d4 cxd4 11. cxd4 d5 12. e5 Nf5 13. Nc2 f6 14. Bf4 fxe5 15.
Nxe5 Nxe5 16. Bxe5 Bxe5 17. Rxe5 Bd7 18. Bh3 Rc8 19. Bxf5 Rxf5 20. Re2 Qg5 21.
h4 Qf6 22. Ne3 Rf3 23. Ng4 Qe7 24. Ne5 Rff8 25. Qd2 Bb5 26. Ree1 Qf6 27. b3 Qf5
28. Rac1 Rxc1 29. Rxc1 Qe4 30. a4 Qe2 31. Qxe2 Bxe2 32. f4 a5 33. Kf2 Ba6 34.
Rc7 Rd8 35. Ke3 Rd6 36. Nd7 Rc6 37. Nf6+ Kf8 38. Nxh7+ Ke8 39. Nf6+ Kd8 40.
Rxc6 bxc6 41. Ng4 Ke7 42. Ne5 Kd6 43. Nxg6 1-0

[Event "XVII Festival A"]
[Site "Campobasso ITA"]
[Date "2010.07.23"]
[Round "2"]
[White "Colucci, Stefano"]
[Black "Scagliarini, Bruno"]
[Result "1-0"]
[WhiteElo "1968"]
[BlackElo "1904"]
[PlyCount "61"]
[EventDate "2010.07.23"]

1. d4 e6 2. c4 Nf6 3. Nf3 c5 4. d5 b5 5. Nc3 b4 6. Nb1 Bb7 7. dxe6 fxe6 8. e3
Be7 9. Be2 O-O 10. O-O Nc6 11. Nbd2 a5 12. b3 d5 13. Qc2 d4 14. e4 Qd6 15. Bd3
h6 16. Bb2 Ng4 17. Rae1 Bg5 18. g3 Bxd2 19. Nxd2 Nge5 20. Rd1 Nxd3 21. Qxd3 Ne5
22. Qe2 Rf7 23. f4 d3 24. Qh5 Nd7 25. Rfe1 Raf8 26. Re3 e5 27. fxe5 Qc6 28.
Rxd3 Rf2 29. Qg4 Nb6 30. e6 g5 31. e7 1-0

[Event "XVII Festival A"]
[Site "Campobasso ITA"]
[Date "2010.07.23"]
[Round "2"]
[White "Consalvo, Gerardo"]
[Black "Stromboli, Carlo"]
[Result "1/2-1/2"]
[WhiteElo "2002"]
[BlackElo "2285"]
[PlyCount "63"]
[EventDate "2010.07.23"]

1. e4 e5 2. Nf3 Nc6 3. d4 exd4 4. Nxd4 Bb4+ 5. c3 Be7 6. g3 h5 7. Bg2 h4 8. Be3
d6 9. Nxc6 bxc6 10. c4 Bd7 11. Nc3 Nf6 12. f4 Rb8 13. Qe2 Bg4 14. Qd2 h3 15.
Bf1 Bf3 16. Rg1 Nxe4 17. Nxe4 Bxe4 18. Bxa7 d5 19. Bxb8 Qxb8 20. O-O-O Bf6 21.
g4 Qa7 22. Bd3 O-O 23. Bxe4 dxe4 24. g5 e3 25. Qd3 Be7 26. g6 Bf6 27. gxf7+
Rxf7 28. a3 Rf8 29. Qd7 Qb6 30. Qe6+ Rf7 31. Qc8+ Rf8 32. Qe6+ 1/2-1/2

[Event "XVII Festival A"]
[Site "Campobasso ITA"]
[Date "2010.07.23"]
[Round "2"]
[White "Crafa, Carmine"]
[Black "Sellitti, Luca"]
[Result "0-1"]
[WhiteElo "1856"]
[BlackElo "1956"]
[PlyCount "36"]
[EventDate "2010.07.23"]

1. e4 Nf6 2. e5 Nd5 3. d4 d6 4. c4 Nb6 5. f4 dxe5 6. fxe5 c5 7. d5 e6 8. Nc3
exd5 9. cxd5 c4 10. Be3 Bb4 11. Bxb6 Qxb6 12. Qe2 O-O 13. Nf3 Bg4 14. a3 Bxc3+
15. bxc3 Nd7 16. h3 Bxf3 17. Qxf3 Nxe5 18. Qf2 Qb3 0-1

[Event "XVII Festival A"]
[Site "Campobasso ITA"]
[Date "2010.07.23"]
[Round "2"]
[White "D'Aquino, Ugo"]
[Black "Campanella, Giovanni"]
[Result "1-0"]
[WhiteElo "1653"]
[BlackElo "1905"]
[PlyCount "83"]
[EventDate "2010.07.23"]

1. e4 e5 2. Nf3 Nc6 3. Bb5 a6 4. Ba4 Nf6 5. d3 Bc5 6. O-O b5 7. Bb3 O-O 8. Nbd2
d6 9. c3 Bb6 10. Re1 Na5 11. Bc2 c5 12. Nf1 Nc6 13. Bg5 a5 14. a4 b4 15. Ng3 h6
16. Bh4 Bg4 17. Nf1 c4 18. dxc4 g5 19. Bg3 Nh5 20. Ne3 Nxg3 21. Nxg4 h5 22.
hxg3 hxg4 23. Nh2 Kg7 24. Nxg4 Rh8 25. Ne3 Ne7 26. Nd5 Nxd5 27. cxd5 Qc7 28.
cxb4 Rh1+ 29. Kxh1 Bxf2 30. Qh5 Rh8 31. Qxh8+ Kxh8 32. Re2 Bxg3 33. Re3 Qxc2
34. Rxg3 Qxe4 35. bxa5 f5 36. a6 Qxd5 37. b4 e4 38. Rb1 f4 39. Rc3 f3 40. a7
fxg2+ 41. Kg1 Qd4+ 42. Kxg2 1-0

[Event "XVII Festival A"]
[Site "Campobasso ITA"]
[Date "2010.07.23"]
[Round "2"]
[White "Di Lascio, Savino"]
[Black "Petruccioli, Antonio"]
[Result "0-1"]
[WhiteElo "1910"]
[BlackElo "2113"]
[PlyCount "72"]
[EventDate "2010.07.23"]

1. e4 c5 2. Nf3 a6 3. g3 Nc6 4. Bg2 b5 5. O-O Bb7 6. Re1 e5 7. Nc3 Nf6 8. Nd5
d6 9. c3 c4 10. d4 cxd3 11. Qxd3 Na5 12. Bg5 Be7 13. Nxf6+ Bxf6 14. Bxf6 Qxf6
15. Rad1 Ke7 16. Nh4 g6 17. f4 Nc4 18. Qe2 Rhd8 19. b3 Na5 20. Rf1 exf4 21.
Rxf4 Qxc3 22. Qf1 f6 23. Kh1 Rac8 24. Qf2 Qc2 25. Qd4 Qc3 26. Qb6 Qc7 27. Qd4
Rf8 28. Rf3 Nc6 29. Qd2 Ne5 30. Rff1 Qd7 31. Qh6 Rf7 32. Rd4 Rc2 33. Rfd1 Ng4
34. Qxg6 hxg6 35. Nxg6+ Ke8 36. Kg1 Rxg2+ 0-1

[Event "XVII Festival A"]
[Site "Campobasso ITA"]
[Date "2010.07.23"]
[Round "2"]
[White "Fezza, Davide"]
[Black "Sengupta, Deep"]
[Result "0-1"]
[WhiteElo "2070"]
[BlackElo "2527"]
[PlyCount "61"]
[EventDate "2010.07.23"]

1. e4 e6 2. d4 d5 3. Nd2 Nf6 4. e5 Nfd7 5. Bd3 c5 6. c3 Nc6 7. Ne2 a5 8. O-O a4
9. a3 cxd4 10. cxd4 Nb6 11. f4 g6 12. Nf3 Bd7 13. Nc3 Na5 14. Nb5 Nac4 15. Nc3
Bc6 16. g4 h5 17. h3 hxg4 18. hxg4 Qd7 19. f5 gxf5 20. gxf5 O-O-O 21. Qc2 f6
22. fxe6 Qg7+ 23. Kf2 fxe5 24. Bf5 Be7 25. Rg1 Qf8 26. dxe5 d4 27. Nxa4 d3 28.
Nxb6+ Nxb6 29. Qxc6+ bxc6 30. Be4 d2 31. Bxc6 0-1

[Event "XVII Festival A"]
[Site "Campobasso ITA"]
[Date "2010.07.23"]
[Round "2"]
[White "Ficco, Corrado"]
[Black "Mazzarella, Antonio"]
[Result "1/2-1/2"]
[WhiteElo "2136"]
[BlackElo "2018"]
[PlyCount "61"]
[EventDate "2010.07.23"]

1. c4 c5 2. Nf3 Nc6 3. Nc3 Nf6 4. g3 g6 5. Bg2 Bg7 6. O-O O-O 7. d4 cxd4 8.
Nxd4 Nxd4 9. Qxd4 d6 10. Qd3 Rb8 11. b3 Bf5 12. e4 Nxe4 13. Bxe4 Bxe4 14. Qxe4
Bxc3 15. Rb1 Bf6 16. Bb2 Bxb2 17. Rxb2 b5 18. Re1 e6 19. Rd2 bxc4 20. bxc4 Qb6
21. Red1 Rfd8 22. h4 Qc5 23. Qd4 Qxd4 24. Rxd4 Rbc8 25. Rxd6 Rxd6 26. Rxd6 Rxc4
27. Ra6 Rc7 28. Kg2 h5 29. Kf3 Kg7 30. Ke3 Kf6 31. Ra5 1/2-1/2

[Event "XVII Festival A"]
[Site "Campobasso ITA"]
[Date "2010.07.23"]
[Round "2"]
[White "Galasso, Luigi"]
[Black "Mrdja, Milan"]
[Result "0-1"]
[WhiteElo "2024"]
[BlackElo "2372"]
[PlyCount "64"]
[EventDate "2010.07.23"]

1. c4 g6 2. Nc3 Bg7 3. g3 c5 4. Bg2 Nc6 5. Nf3 h5 6. O-O Nh6 7. d3 Nf5 8. h4 b6
9. Ne1 Bb7 10. Nc2 d6 11. Ne3 Nfd4 12. Ned5 e6 13. Nf4 Qd7 14. Bd2 Ne5 15. Bxb7
Qxb7 16. Ne4 O-O-O 17. Bc3 d5 18. cxd5 exd5 19. Ng5 Nf5 20. Rb1 Nc6 21. Bxg7
Nxg7 22. Nf3 Nf5 23. Re1 Rhe8 24. a3 a5 25. b3 Kb8 26. Qd2 Nfd4 27. Nxd4 Nxd4
28. b4 Rxe2 29. Qxe2 Nxe2+ 30. Rxe2 axb4 31. axb4 c4 32. Rbe1 Qc6 0-1

[Event "XVII Festival A"]
[Site "Campobasso ITA"]
[Date "2010.07.23"]
[Round "2"]
[White "Gatti, Francesco"]
[Black "Bove, Raffaele"]
[Result "0-1"]
[WhiteElo "1823"]
[BlackElo "1917"]
[PlyCount "90"]
[EventDate "2010.07.23"]

1. e4 c5 2. Nf3 d6 3. d4 cxd4 4. Nxd4 Nf6 5. Nc3 a6 6. Bc4 b5 7. Bb3 b4 8. Nce2
Bb7 9. Ng3 Qc8 10. Qf3 e6 11. O-O Be7 12. Re1 O-O 13. Nh5 Qc5 14. Nxf6+ Bxf6
15. Ne2 a5 16. c3 bxc3 17. Nxc3 Nd7 18. Be3 Qb4 19. Bc1 a4 20. Bc2 d5 21. Qe2
d4 22. a3 Qa5 23. Nxa4 Ba6 24. Qd1 d3 25. Bb3 Bb5 26. Bd2 Qa6 27. Nc3 Rfb8 28.
Ba2 Nc5 29. Nxb5 Qxb5 30. Bc3 Bxc3 31. bxc3 Rxa3 32. Rb1 Qe8 33. Rxb8 Qxb8 34.
Qd2 Qa8 35. Bc4 Qa5 36. Bxd3 Qd8 37. Rd1 Nxd3 38. Qc2 Ra7 39. Kf1 Rd7 40. Qb1
g6 41. g3 Kg7 42. Ke2 Nc5 43. Re1 Qa5 44. c4 Qc3 45. f3 Rd2+ 0-1

[Event "XVII Festival A"]
[Site "Campobasso ITA"]
[Date "2010.07.23"]
[Round "2"]
[White "Georgiev, Vladimir"]
[Black "Sellitti, Federico"]
[Result "1-0"]
[WhiteElo "2586"]
[BlackElo "2141"]
[PlyCount "55"]
[EventDate "2010.07.23"]

1. d4 Nf6 2. c4 g6 3. Nc3 Bg7 4. e4 d6 5. Bd3 O-O 6. Nge2 Nc6 7. h3 e5 8. d5
Nd4 9. Nxd4 exd4 10. Ne2 Re8 11. Bg5 h6 12. Bxf6 Qxf6 13. O-O c5 14. a4 a5 15.
f4 Qe7 16. Ng3 h5 17. Qf3 h4 18. Nh1 Bd7 19. Nf2 Rf8 20. e5 dxe5 21. f5 f6 22.
d6 Qxd6 23. Ne4 Qc6 24. fxg6 f5 25. Qh5 Rfe8 26. Qh7+ Kf8 27. Rxf5+ Bxf5 28.
Rf1 1-0

[Event "XVII Festival A"]
[Site "Campobasso ITA"]
[Date "2010.07.23"]
[Round "2"]
[White "Giacchetti, Lorenzo"]
[Black "Paduano, Gennaro"]
[Result "1-0"]
[WhiteElo "1843"]
[BlackElo "1934"]
[PlyCount "67"]
[EventDate "2010.07.23"]

1. e4 c5 2. Nf3 Nc6 3. d4 cxd4 4. Nxd4 Nf6 5. Nc3 Rb8 6. Nxc6 bxc6 7. e5 Nd5 8.
Nxd5 cxd5 9. Qxd5 Qc7 10. Bc4 e6 11. Qd4 Bc5 12. Qf4 d6 13. Qg4 O-O 14. Bd2 d5
15. Be2 Qxe5 16. O-O Rxb2 17. Bf4 Qf6 18. Bd3 e5 19. Qh5 e4 20. Be5 Qb6 21.
Bxb2 Qxb2 22. Qxd5 Bb6 23. Qxe4 g6 24. Rfe1 Bf5 25. Qf3 Be6 26. a4 Qc3 27. h4
h5 28. Qg3 Bg4 29. Kh1 Qd2 30. Kg1 f5 31. Bc4+ Kh7 32. Re7+ Kh6 33. Rf1 Qxc2
34. Qf4+ 1-0

[Event "XVII Festival A"]
[Site "Campobasso ITA"]
[Date "2010.07.23"]
[Round "2"]
[White "Grasso, Nino"]
[Black "Pastore, Giuseppe"]
[Result "1-0"]
[WhiteElo "1942"]
[BlackElo "1671"]
[PlyCount "47"]
[EventDate "2010.07.23"]

1. e4 e6 2. d4 d5 3. Nc3 Nf6 4. Bg5 Be7 5. e5 Nfd7 6. h4 a6 7. Bxe7 Qxe7 8. Qg4
f6 9. O-O-O fxe5 10. dxe5 Nxe5 11. Qh5+ Ng6 12. Bd3 Qf7 13. Nh3 Nf8 14. Qe2 c6
15. f4 Nbd7 16. Qe3 h6 17. Rhe1 Qf6 18. Qf2 Kd8 19. Be2 b5 20. Bg4 Qg6 21. Bxe6
Nxe6 22. f5 Qf7 23. Rxe6 Bb7 24. 1-0 1/2-1/2

[Event "XVII Festival A"]
[Site "Campobasso ITA"]
[Date "2010.07.23"]
[Round "2"]
[White "Gromovs, Sergejs"]
[Black "Lattanzio, Savino"]
[Result "1-0"]
[WhiteElo "2365"]
[BlackElo "2061"]
[PlyCount "79"]
[EventDate "2010.07.23"]

1. d4 Nf6 2. Nf3 e6 3. c4 b6 4. g3 Ba6 5. b3 Bb7 6. Bg2 Bb4+ 7. Kf1 Be7 8. Nc3
O-O 9. h4 Ne4 10. Qd3 Nxc3 11. Qxc3 f5 12. Bb2 Bf6 13. Qd2 d6 14. Rd1 Nd7 15.
Ng5 Bxg2+ 16. Kxg2 Qe7 17. f4 Rfe8 18. Qd3 Rad8 19. e4 Bxg5 20. hxg5 fxe4 21.
Qxe4 Nf8 22. Rde1 Qf7 23. Re2 Qf5 24. Qf3 Ng6 25. Rhe1 Kf7 26. Kh2 h5 27. Kg1
Qg4 28. Kf2 Qxf3+ 29. Kxf3 Nf8 30. Rh1 g6 31. g4 hxg4+ 32. Kxg4 d5 33. Reh2
dxc4 34. bxc4 Ke7 35. Rh8 Nd7 36. R8h6 Rg8 37. Rh7+ Kd6 38. Re1 c5 39. dxc5+
bxc5 40. Bc3 1-0

[Event "XVII Festival A"]
[Site "Campobasso ITA"]
[Date "2010.07.23"]
[Round "2"]
[White "Ljubisavljevic, Zivojin Z."]
[Black "Procacci, Sergio"]
[Result "1-0"]
[WhiteElo "2271"]
[BlackElo "2043"]
[PlyCount "43"]
[EventDate "2010.07.23"]

1. e4 d5 2. exd5 Qxd5 3. Nc3 Qe5+ 4. Be2 c6 5. Nf3 Qc7 6. d4 Nf6 7. O-O Bf5 8.
Ne5 e6 9. f4 h5 10. Bd3 g6 11. Qe2 Nbd7 12. Ne4 Nxe4 13. Bxe4 Bxe4 14. Qxe4 f5
15. Qe2 Nxe5 16. fxe5 Bh6 17. Bxh6 Rxh6 18. b4 Rh7 19. a4 g5 20. Rab1 Kf7 21.
Qc4 Qd7 22. Rxf5+ 1-0